[Event "CZE-ch Amateur"]
[Site "Hluk"]
[Date "2023.05.09"]
[Round "6"]
[White "Pan, Vladimir"]
[Black "Vojta, Jakub"]
[Result "0-1"]
[WhiteElo "1966"]
[BlackElo "2286"]
[PlyCount "94"]
[EventDate "2023.05.06"]
[EventType "swiss"]
[EventRounds "9"]
[EventCountry "CZE"]
[SourceTitle "CBM 214 Extra"]
[Source "ChessBase"]
[SourceDate "2023.07.31"]
[SourceVersion "1"]
[SourceVersionDate "2023.07.31"]
[SourceQuality "1"]

1. e4 c5 2. Nf3 Nc6 3. d4 cxd4 4. Nxd4 Nf6 5. Nc3 e5 6. Ndb5 d6 7. Bg5 a6 8. Na3 b5 9. Nd5 Be7 10. Bxf6 Bxf6 11. c3 0-0 12. Bd3 Bg5 13. Nc2 Rb8 14. 0-0 Ne7 15. Nce3 Be6 16. Nxe7+ Qxe7 17. Qe2 Qb7 18. Rfd1 a5 19. Bc2 Rfd8 20. Nd5 Rbc8 21. Bb3 a4 22. Bc2 Rc5 23. Nb4 a3 24. Nd3 Rcc8 25. bxa3 Rxc3 26. Bb3 Bc4 27. Rab1 Qa8 28. a4 bxa4 29. Bxc4 Rxc4 30. f3 Qc8 31. Ne1 g6 32. Kh1 h5 33. Rb2 h4 34. Rc2 Rc5 35. Kg1 h3 36. g3 Rd7 37. Kf1 Qc6 38. Rd5 Rxc2 39. Qxc2 Qxc2 40. Nxc2 Rc7 41. Ne1 Rc1 42. Rxd6 Ra1 43. Rd3 Rxa2 44. f4 exf4 45. gxf4 Bxf4 46. Rxh3 a3 47. Rf3 Bxh2 0-1

[Event "CZE-chT2F 2122"]
[Site "Czech Republic"]
[Date "2021.12.19"]
[Round "5.6"]
[White "Vesely, Martin"]
[Black "Pan, Vladimir"]
[Result "1/2-1/2"]
[WhiteElo "2063"]
[BlackElo "1993"]
[PlyCount "97"]
[EventDate "2021.10.17"]
[EventType "team-tourn"]
[EventRounds "11"]
[EventCountry "CZE"]
[SourceTitle "EXT 2024"]
[Source "ChessBase"]
[SourceDate "2023.10.10"]
[SourceVersion "1"]
[SourceVersionDate "2023.10.10"]
[SourceQuality "1"]
[WhiteTeam "Ostrava"]
[BlackTeam "Litovel Tatran"]
[WhiteTeamCountry "CZE"]
[BlackTeamCountry "CZE"]

1. d4 Nf6 2. Nf3 e6 3. g3 b6 4. Bg2 Bb7 5. 0-0 Be7 6. c4 0-0 7. Nc3 Ne4 8. Qc2 f5 9. Rd1 d6 10. Ne1 d5 11. cxd5 exd5 12. Bf4 c6 13. Nd3 Nd7 14. Be5 Qe8 15. f3 Nef6 16. Bh3 Nxe5 17. Nxe5 g6 18. e3 Bd6 19. f4 c5 20. Bg2 Rc8 21. Qe2 c4 22. Bf3 b5 23. a3 a5 24. Qg2 Ne4 25. Nxe4 dxe4 26. Be2 Bd5 27. Qf1 Qe6 28. Rdc1 Rc7 29. Qe1 b4 30. axb4 Bxb4 31. Qf1 Bd2 32. Rxc4 Bxe3+ 33. Kg2 Bxc4 34. Bxc4 Rxc4 35. Qxc4 Qxc4 36. Nxc4 Bxd4 37. Rxa5 Rb8 38. Rd5 Bxb2 39. Rc5 Bd4 40. Rc7 Rd8 41. h3 Ra8 42. Rd7 Ra2+ 43. Kf1 Bf2 44. g4 Bg3 45. gxf5 gxf5 46. Ne3 Rf2+ 47. Kg1 Rxf4 48. Nd5 Rh4 49. Ne7+ 1/2-1/2

[Event "CZE-chT2F 1718"]
[Site "Czech Republic"]
[Date "2017.12.17"]
[Round "5.4"]
[White "Pan, Vladimir"]
[Black "Zabystrzan, Pavel"]
[Result "1/2-1/2"]
[WhiteElo "2029"]
[BlackElo "2199"]
[PlyCount "52"]
[EventDate "2017.10.15"]
[EventType "team-tourn"]
[EventRounds "11"]
[EventCountry "CZE"]
[SourceTitle "EXT 2022"]
[Source "ChessBase"]
[SourceDate "2021.10.06"]
[SourceVersion "1"]
[SourceVersionDate "2021.10.06"]
[SourceQuality "1"]
[WhiteTeam "Vrbno pod Pradedem"]
[BlackTeam "Orlova Slavia"]
[WhiteTeamCountry "CZE"]
[BlackTeamCountry "CZE"]

1. e4 c6 2. d4 d5 3. Nd2 dxe4 4. Nxe4 Nf6 5. Nxf6+ gxf6 6. Be3 Bf5 7. Bd3 e6 8. Nf3 Bxd3 9. Qxd3 Qa5+ 10. Bd2 Qa6 11. Qxa6 Nxa6 12. 0-0 0-0-0 13. a3 Nc7 14. c4 Rg8 15. Bc3 Rg6 16. b4 b5 17. Rfc1 Bh6 18. Rc2 bxc4 19. Bd2 Bxd2 20. Nxd2 Nb5 21. Rxc4 Nxd4 22. Kf1 f5 23. f4 Kb7 24. Rc3 Nb5 25. Rc2 Nd4 26. Rc3 Nb5 1/2-1/2

[Event "CZE-chT 1718"]
[Site "Czech Republic"]
[Date "2017.11.19"]
[Round "2.5"]
[White "Pan, Vladimir"]
[Black "Kriebel, Tadeas"]
[Result "0-1"]
[WhiteElo "2041"]
[BlackElo "2507"]
[PlyCount "74"]
[EventDate "2017.11.18"]
[EventType "team-tourn"]
[EventRounds "11"]
[EventCountry "CZE"]
[SourceTitle "CBM 181 Extra"]
[Source "ChessBase"]
[SourceDate "2017.12.12"]
[SourceVersion "1"]
[SourceVersionDate "2017.12.12"]
[SourceQuality "1"]
[WhiteTeam "Tatran Litovel"]
[BlackTeam "Novoborsky"]
[WhiteTeamCountry "CZE"]
[BlackTeamCountry "CZE"]

1. e4 c5 2. Nf3 d6 3. d4 cxd4 4. Nxd4 Nf6 5. Nc3 a6 6. Be2 e5 7. Nb3 Be7 8. 0-0 0-0 9. Be3 Be6 10. f4 exf4 11. Bxf4 Nc6 12. Kh1 Rc8 13. Nd4 Nxd4 14. Qxd4 Rc6 15. Rad1 Nd7 16. Qe3 Qb6 17. Qg3 Ne5 18. b3 Qc7 19. Bc4 Nxc4 20. bxc4 Rxc4 21. Nd5 Bxd5 22. Rxd5 Rxc2 23. e5 Qc4 24. Rdd1 Rc3 25. Rf3 Rxf3 26. gxf3 dxe5 27. Rg1 g6 28. Bh6 Bf6 29. Bxf8 Kxf8 30. Qf2 Kg7 31. Rd1 b5 32. Qd2 h5 33. Qd5 Qe2 34. Qd3 Qxa2 35. Rd2 Qa4 36. Qd5 a5 37. Qb7 Qc4 0-1

[Event "CZE-chT2D 1516"]
[Site "Czech Republic"]
[Date "2015.10.18"]
[Round "1.8"]
[White "Pan, Vladimir"]
[Black "Hajek, Jaroslav"]
[Result "1-0"]
[WhiteElo "2024"]
[BlackElo "1895"]
[PlyCount "117"]
[EventDate "2015.10.18"]
[EventType "team-tourn"]
[EventRounds "11"]
[EventCountry "CZE"]
[SourceTitle "EXT 2022"]
[Source "ChessBase"]
[SourceDate "2021.10.06"]
[SourceVersion "1"]
[SourceVersionDate "2021.10.06"]
[SourceQuality "1"]
[WhiteTeam "Litovel Tatran II"]
[BlackTeam "Pardubice Rapid II"]
[WhiteTeamCountry "CZE"]
[BlackTeamCountry "CZE"]

1. e4 c5 2. Nf3 e6 3. d4 cxd4 4. Nxd4 a6 5. Nc3 Qc7 6. Be2 Nf6 7. a3 b5 8. f4 d6 9. Bf3 Bb7 10. 0-0 Nbd7 11. Qe2 Rc8 12. Kh1 Be7 13. Be3 0-0 14. g4 Nc5 15. Qg2 Ne8 16. g5 g6 17. f5 e5 18. Nde2 gxf5 19. exf5 Bxf3 20. Rxf3 Qc6 21. Rd1 Nc7 22. f6 Bd8 23. Qh3 N7e6 24. Nd5 Kh8 25. Qf5 Rg8 26. Nec3 Nd4 27. Bxd4 exd4 28. Rh3 Rg6 29. Rxd4 Ne6 30. Rdh4 Nf8 31. Kg1 Qc5+ 32. Kf1 Bb6 33. Rg3 Re8 34. Ne7 Qxf5+ 35. Nxf5 Re5 36. Nxd6 Kg8 37. Nce4 Bc7 38. Rhg4 Rd5 39. Rd3 Rxd3 40. cxd3 Ne6 41. Nf5 Kf8 42. Ne7 Be5 43. Nxg6+ fxg6 44. Nc3 Bf4 45. h4 Bc1 46. Nd1 Kf7 47. a4 h6 48. axb5 axb5 49. Nc3 hxg5 50. hxg5 Nxg5 51. Nxb5 Kxf6 52. b4 Ne6 53. Nd4 Nf4 54. Ne2 Nd5 55. Re4 Bd2 56. b5 Ba5 57. Ra4 Bb6 58. Ra6 Kf5 59. Nc3 1-0

[Event "CZE-chT2F 1213"]
[Site "Czech Republic"]
[Date "2013.03.03"]
[Round "10.27"]
[White "Zalesky, Karel"]
[Black "Pan, Vladimir"]
[Result "0-1"]
[WhiteElo "2137"]
[BlackElo "1993"]
[PlyCount "124"]
[EventDate "2012.10.14"]
[EventType "team-tourn"]
[EventRounds "11"]
[EventCountry "CZE"]
[SourceTitle "EXT 2016"]
[Source "ChessBase"]
[SourceDate "2015.10.08"]
[SourceVersion "1"]
[SourceVersionDate "2015.10.08"]
[SourceQuality "1"]
[WhiteTeam "Opava KVS"]
[BlackTeam "Albrechtice"]
[WhiteTeamCountry "CZE"]
[BlackTeamCountry "CZE"]

1. e4 c5 2. Nc3 d6 3. f4 e6 4. Bb5+ Bd7 5. Bc4 a6 6. a4 Bc6 7. Qe2 g6 8. Nf3 Bg7 9. 0-0 Ne7 10. d3 0-0 11. Bb3 Nd7 12. f5 exf5 13. Bg5 Bf6 14. Bh6 Bg7 15. Qd2 Ne5 16. Bxg7 Kxg7 17. Rad1 Qc7 18. Nxe5 dxe5 19. exf5 Nxf5 20. Rxf5 gxf5 21. Qg5+ Kh8 22. Qf6+ Kg8 23. Qxf5 Qd6 24. Re1 Qd4+ 25. Kh1 Qf4 26. Qh3 Rad8 27. Kg1 Rd6 28. Re3 Rf6 29. Qg3+ Qxg3 30. Rxg3+ Rg6 31. Kf2 Kg7 32. Nd5 Rxg3 33. Kxg3 f5 34. Nc7 Kf6 35. Kf2 Rc8 36. Nd5+ Bxd5 37. Bxd5 Rc7 38. a5 Ke7 39. b3 Kd6 40. Bc4 Rg7 41. g3 Re7 42. Ke3 Kc7 43. Bd5 b6 44. axb6+ Kxb6 45. c3 a5 46. h3 Kc7 47. Bf3 Kd6 48. g4 fxg4 49. hxg4 h6 50. Be2 Rb7 51. Bd1 Rf7 52. Be2 Rf4 53. Bf3 Ke7 54. Kf2 Kf6 55. Kg3 Kg5 56. Be2 a4 57. bxa4 Rxa4 58. c4 Ra3 59. Kf3 Ra2 60. Bf1 Ra1 61. Bg2 Rg1 62. Bh3 Kh4 0-1

[Event "CZE-chT2F 1213"]
[Site "Czech Republic"]
[Date "2013.02.03"]
[Round "8.17"]
[White "Mikulec, Jiri"]
[Black "Pan, Vladimir"]
[Result "0-1"]
[WhiteElo "2014"]
[BlackElo "1993"]
[PlyCount "64"]
[EventDate "2012.10.14"]
[EventType "team-tourn"]
[EventRounds "11"]
[EventCountry "CZE"]
[SourceTitle "EXT 2016"]
[Source "ChessBase"]
[SourceDate "2015.10.08"]
[SourceVersion "1"]
[SourceVersionDate "2015.10.08"]
[SourceQuality "1"]
[WhiteTeam "Dobra"]
[BlackTeam "Albrechtice"]
[WhiteTeamCountry "CZE"]
[BlackTeamCountry "CZE"]

1. c4 e6 2. e4 d5 3. exd5 exd5 4. d4 Nf6 5. Nc3 Bb4 6. a3 Bxc3+ 7. bxc3 0-0 8. h3 c5 9. Nf3 cxd4 10. cxd4 Re8+ 11. Be3 Ne4 12. Qb3 Nc6 13. Be2 Qa5+ 14. Kf1 Qd8 15. Rc1 Na5 16. Qb4 dxc4 17. Ne5 c3 18. Bf3 Nd2+ 19. Bxd2 cxd2 20. Rd1 f6 21. Nc4 Re1+ 22. Rxe1 dxe1Q+ 23. Kxe1 Nc6 24. Bxc6 bxc6 25. Nd6 Be6 26. Nb7 Qd5 27. Qe7 Qe4+ 28. Kd2 Qxd4+ 29. Ke2 Bc4+ 30. Kf3 Qd3+ 31. Kf4 g5+ 32. Kg4 Qd4+ 0-1

[Event "CZE-chT2F 1213"]
[Site "Czech Republic"]
[Date "2013.01.06"]
[Round "6.27"]
[White "Pan, Vladimir"]
[Black "Psenicka, Pavel"]
[Result "1-0"]
[WhiteElo "1993"]
[BlackElo "1991"]
[PlyCount "81"]
[EventDate "2012.10.14"]
[EventType "team-tourn"]
[EventRounds "11"]
[EventCountry "CZE"]
[SourceTitle "EXT 2016"]
[Source "ChessBase"]
[SourceDate "2015.10.08"]
[SourceVersion "1"]
[SourceVersionDate "2015.10.08"]
[SourceQuality "1"]
[WhiteTeam "Albrechtice"]
[BlackTeam "Poruba VOKD"]
[WhiteTeamCountry "CZE"]
[BlackTeamCountry "CZE"]

1. e4 Nf6 2. e5 Nd5 3. d4 d6 4. c4 Nb6 5. Nf3 g6 6. Nc3 Bg7 7. Be3 0-0 8. Be2 Nc6 9. exd6 cxd6 10. Qd2 Bg4 11. b3 d5 12. c5 Nc8 13. h3 Bxf3 14. Bxf3 e6 15. 0-0 N8e7 16. g4 e5 17. Ne2 e4 18. Bg2 f5 19. g5 Qd7 20. b4 Nd8 21. Nf4 Ne6 22. Nxe6 Qxe6 23. b5 f4 24. Bxf4 Bxd4 25. Qxd4 Rxf4 26. Rad1 Raf8 27. a4 R8f5 28. Qe3 Qe5 29. c6 bxc6 30. Qxa7 cxb5 31. axb5 Rxg5 32. b6 Rf8 33. Rc1 Nf5 34. Qc7 Qxc7 35. Rxc7 Nd6 36. Rd7 Nc4 37. b7 Re5 38. Rc1 Rb8 39. Bf1 Nb6 40. Rdc7 d4 41. R1c6 1-0

[Event "CZE-chT2F 1213"]
[Site "Czech Republic"]
[Date "2012.12.16"]
[Round "5.56"]
[White "Pan, Vladimir"]
[Black "Kubeczka, Ales"]
[Result "1/2-1/2"]
[WhiteElo "1993"]
[BlackElo "2018"]
[PlyCount "69"]
[EventDate "2012.10.14"]
[EventType "team-tourn"]
[EventRounds "11"]
[EventCountry "CZE"]
[SourceTitle "EXT 2016"]
[Source "ChessBase"]
[SourceDate "2015.10.08"]
[SourceVersion "1"]
[SourceVersionDate "2015.10.08"]
[SourceQuality "1"]
[WhiteTeam "Albrechtice"]
[BlackTeam "Havirov Slovan"]
[WhiteTeamCountry "CZE"]
[BlackTeamCountry "CZE"]

1. e4 c6 2. d4 d5 3. Nd2 dxe4 4. Nxe4 Nd7 5. Nf3 Ngf6 6. Ng3 e6 7. Bd3 b6 8. 0-0 Bb7 9. Re1 Be7 10. Bd2 0-0 11. c4 c5 12. Bc3 Bxf3 13. Qxf3 cxd4 14. Bxd4 Nc5 15. Rad1 Nxd3 16. Rxd3 Qc7 17. b3 Rac8 18. Be5 Qc6 19. Qxc6 Rxc6 20. Red1 Rfc8 21. Ne2 Kf8 22. f3 Rc5 23. Bd6 Bxd6 24. Rxd6 Ke7 25. Nc3 Ra5 26. R1d2 Rc7 27. Nb5 Rb7 28. R6d3 Rd7 29. Rxd7+ Nxd7 30. Kf2 a6 31. Nd6 f6 32. Nc8+ Ke8 33. Nd6+ Ke7 34. Nc8+ Ke8 35. Nd6+ 1/2-1/2

[Event "CZE-chT2F 1213"]
[Site "Czech Republic"]
[Date "2012.11.04"]
[Round "2.47"]
[White "Pan, Vladimir"]
[Black "Didi, Jan"]
[Result "0-1"]
[WhiteElo "1993"]
[BlackElo "2065"]
[PlyCount "106"]
[EventDate "2012.10.14"]
[EventType "team-tourn"]
[EventRounds "11"]
[EventCountry "CZE"]
[SourceTitle "EXT 2016"]
[Source "ChessBase"]
[SourceDate "2015.10.08"]
[SourceVersion "1"]
[SourceVersionDate "2015.10.08"]
[SourceQuality "1"]
[WhiteTeam "Albrechtice"]
[BlackTeam "Ostrava TJ Nova Hut"]
[WhiteTeamCountry "CZE"]
[BlackTeamCountry "CZE"]

1. e4 c5 2. Nf3 e6 3. d4 cxd4 4. Nxd4 a6 5. a3 Qc7 6. Nc3 Nf6 7. Be2 b5 8. f4 d6 9. 0-0 Bb7 10. Bf3 Nbd7 11. Kh1 Rc8 12. g4 Nb6 13. g5 Nfd7 14. f5 e5 15. Nde2 Be7 16. Qe1 Bc6 17. Qg3 Qb7 18. Qg2 a5 19. b4 a4 20. Ng3 g6 21. Rd1 Nc4 22. Nd5 Bxd5 23. Rxd5 Bd8 24. Nf1 Bb6 25. Rd3 Qc6 26. c3 Kd8 27. Ne3 Bxe3 28. Bxe3 Nxe3 29. Rxe3 Nb6 30. f6 Kc7 31. Be2 Rhe8 32. Rh3 Kb8 33. Rd1 Red8 34. Rxh7 Qxc3 35. Bxb5 Qb3 36. Be2 Rc2 37. Qf3 d5 38. exd5 Rxd5 39. Rxd5 Nxd5 40. Rxf7 Rc1+ 41. Kg2 Nf4+ 42. Kf2 Qxf7 43. Qe3 Nxe2 44. Qxe5+ Qc7 45. Qxc7+ Rxc7 46. Kxe2 Kc8 47. Kd3 Kd8 48. Kd4 Ke8 49. b5 Rc2 50. h4 Rh2 51. Kc5 Rxh4 52. b6 Kd7 53. Kb5 Rg4 0-1

[Event "Moravia-Silesia Region-chT 0708"]
[Site "Czech Republic"]
[Date "2008.04.13"]
[Round "11.8"]
[White "Novosadova, Kristyna"]
[Black "Pan, Vladimir"]
[Result "0-1"]
[WhiteElo "2013"]
[BlackElo "2039"]
[PlyCount "46"]
[EventDate "2007.10.28"]
[EventType "team-tourn"]
[EventRounds "11"]
[EventCountry "CZE"]
[SourceTitle "EXT 2024"]
[Source "ChessBase"]
[SourceDate "2023.10.10"]
[SourceVersion "1"]
[SourceVersionDate "2023.10.10"]
[SourceQuality "1"]

1. e4 c5 2. Nf3 d6 3. d4 cxd4 4. Nxd4 Nf6 5. Nc3 a6 6. Bg5 e6 7. f4 Be7 8. Qf3 Qc7 9. 0-0-0 Nc6 10. Be2 0-0 11. Qg3 Kh8 12. Nxc6 bxc6 13. e5 dxe5 14. fxe5 Nd5 15. Ne4 c5 16. Rhf1 Bb7 17. Qh4 Bxg5+ 18. Nxg5 h6 19. Rxd5 Bxd5 20. Rf6 Kg8 21. Rxh6 gxh6 22. Qxh6 f6 23. exf6 Qf4+ 0-1